The Wise and the Gods (Record no. 238515)
[ view plain ]
| 000 -LEADER | |
|---|---|
| fixed length control field | 00579nam a22001937a 4500 |
| 003 - CONTROL NUMBER IDENTIFIER | |
| control field | LK-CoDNM |
| 005 - DATE AND TIME OF LATEST TRANSACTION | |
| control field | 20250228114606.0 |
| 008 - FIXED-LENGTH DATA ELEMENTS--GENERAL INFORMATION | |
| fixed length control field | 250228b |||||||| |||| 00| 0 eng d |
| 040 ## - CATALOGING SOURCE | |
| Original cataloging agency | LK-CoDNM |
| Modifying agency | LK-CoDNM |
| Description conventions | LK-CoDNM |
| 041 ## - LANGUAGE CODE | |
| Language code of text/sound track or separate title | Dutch; Flemish |
| 080 ## - UNIVERSAL DECIMAL CLASSIFICATION NUMBER | |
| Universal Decimal Classification number | RC |
| Item number | 599 |
| 942 ## - ADDED ENTRY ELEMENTS (KOHA) | |
| Koha item type | Books |
| 100 ## - MAIN ENTRY--PERSONAL NAME | |
| Personal name | Karel R. van Kooij, Roelof J. Munneke, Leelananda Prematilleke, Roland Silva |
| 245 ## - TITLE STATEMENT | |
| Title | The Wise and the Gods |
| 246 ## - VARYING FORM OF TITLE | |
| Title proper/short title | Buddhist and Hindu Bronzes from Sri Lanka |
| 260 ## - PUBLICATION, DISTRIBUTION, ETC. (IMPRINT) | |
| Place of publication, distribution, etc. | Brussel |
| Name of publisher, distributor, etc. | Bank Brussel Lambert |
| Date of publication, distribution, etc. | 1994 |
| 300 ## - PHYSICAL DESCRIPTION | |
| Extent | xxvi, 96p : ill ; map ; 30 cm |
| 650 ## - SUBJECT ADDED ENTRY--TOPICAL TERM | |
| Topical term or geographic name as entry element | Bronzes |
| Withdrawn status | Lost status | Damaged status | Not for loan | Collection code | Permanent Location | Current Location | Shelving location | Date acquired | Full call number | Barcode | Koha item type |
|---|---|---|---|---|---|---|---|---|---|---|---|
| Damaged | Rare Books Collection | Library National Museum Colombo - Sri Lanka | Library National Museum Colombo - Sri Lanka | Reference | 2025-02-28 | RC 599 | RC0578 | Books |


